| 000 -LEADER |
| fixed length control field |
00711nam a22002057a 4500 |
| 005 - DATE AND TIME OF LATEST TRANSACTION |
| control field |
20240801191032.0 |
| 008 - FIXED-LENGTH DATA ELEMENTS--GENERAL INFORMATION |
| fixed length control field |
240801s2015 en ||||| |||| 00| 0 eng d |
| 020 ## - INTERNATIONAL STANDARD BOOK NUMBER |
| International Standard Book Number |
9789351521181 X |
| 041 ## - LANGUAGE CODE |
| Language code of text/sound track or separate title |
eng |
| 080 ## - UNIVERSAL DECIMAL CLASSIFICATION NUMBER |
| Universal Decimal Classification number |
612.6 S-62 |
| 100 ## - MAIN ENTRY--PERSONAL NAME |
| Personal name |
Singh, Inderbir |
| Dates associated with a name |
(Author) |
| 9 (RLIN) |
23045 |
| 245 ## - TITLE STATEMENT |
| Title |
Human embryology / |
| Statement of responsibility, etc. |
Inderbir Singh |
| 250 ## - EDITION STATEMENT |
| Edition statement |
10th edition |
| 264 ## - PRODUCTION, PUBLICATION, DISTRIBUTION, MANUFACTURE, AND COPYRIGHT NOTICE |
| Place of production, publication, distribution, manufacture |
New Delhi : |
| Name of producer, publisher, distributor, manufacturer |
Jaypee Brothers Medical Publishers, |
| Date of production, publication, distribution, manufacture, or copyright notice |
2015. |
| 300 ## - PHYSICAL DESCRIPTION |
| Extent |
384 p.: |
| Other physical details |
ill; |
| Dimensions |
24 cm. |
| Accompanying material |
+1CD |
| 653 ## - INDEX TERM--UNCONTROLLED |
| keyword |
Tenth edition presenting latest information on human embryology. Includes CD ROM. Previous |
| 653 ## - INDEX TERM--UNCONTROLLED |
| keyword |
Embryologie humaine |
| 653 ## - INDEX TERM--UNCONTROLLED |
| keyword |
ადამიანის ემბრიოლოგია |
| 942 ## - ADDED ENTRY ELEMENTS (KOHA) |
| Source of classification or shelving scheme |
|
| Koha item type |
წიგნი |